000 00609nam a22001697a 4500
003 OSt
005 20240624133136.0
008 240624b ||||| |||| 00| 0 eng d
040 _cAIMIT LIBRARY
100 _aKotian, Vishal Anand.
_e2116202
_9171497
245 _aComparative study on financial performance of united breweries and its competitors /
_cBy Vishal Anand Kotian ; Guided by Vasantha G.
260 _aMangalore
_c2023
650 _aInventory turnover ratio
_9171498
700 _aVasantha G.
_eGuide
_9171499
856 _3United Breweries Limited
_ywww.united Breweries Limited
942 _2ddc
_cPRO
999 _c231296
_d231296